| 000 | 00801nam a2200301Ia 4500 | ||
|---|---|---|---|
| 005 | 20251020182505.0 | ||
| 008 | 200515s9999 xx 000 0 und d | ||
| 020 | _a968-18-2382-6 | ||
| 082 | _a628/M27/t.1 | ||
| 100 | _aAlexander Okun, Daniel | ||
| 100 | _aCharles Geyer, John | ||
| 100 | _aMaskew Fair, Gordon | ||
| 245 | 0 | _aIngeniería Sanitaria y de Aguas Residuales. Volumen 1 | |
| 250 | _a1a ed. | ||
| 260 | _aMéxico, D.F. | ||
| 260 | _bEdiciones Ciencia y Técnica, S. A. | ||
| 260 | _c1987 | ||
| 300 | _a269 p. | ||
| 300 | _bil., tbl., graf. | ||
| 500 | _a1 ejemplar. Volumen 1 | ||
| 650 | _aABASTECIMIENTO DE AGUA | ||
| 650 | _aAGUA | ||
| 650 | _aAGUAS RESIDUALES | ||
| 650 | _aAGUAS SUBTERRANEAS | ||
| 650 | _aINGENIERIA SANITARIA | ||
| 942 | _cLIB | ||
| 999 |
_c1259 _d1259 |
||